[Event "Wch Blitz (Women)"]
[Site "Samarkand"]
[Date "2023.12.30"]
[Round "13"]
[White "Aktamova, Zilola"]
[Black "Yan, Tianqi"]
[Result "0-1"]
[WhiteElo "1749"]
[BlackElo "2302"]
[PlyCount "128"]
[EventDate "2023.12.29"]
[EventType "swiss (blitz)"]
[EventRounds "17"]
[EventCountry "UZB"]
[SourceTitle "CB01_2024"]
[SourceDate "2024.01.03"]
[SourceVersion "1"]
[SourceVersionDate "2024.01.03"]
[SourceQuality "1"]

1. e4 c5 2. Nf3 a6 3. d4 cxd4 4. Nxd4 Nf6 5. Nc3 e5 6. Nb3 Bb4 7. Bd3 0-0 8. Bd2 d6 9. 0-0 Bxc3 10. Bxc3 Nc6 11. Qd2 Be6 12. Rfe1 b5 13. Rad1 Qb6 14. Ba5 Nxa5 15. Qxa5 Qb7 16. Qb4 Rfd8 17. Rd2 Qb6 18. Bf1 d5 19. exd5 Nxd5 20. Qc5 Qxc5 21. Nxc5 Nb4 22. Red1 Rxd2 23. Rxd2 Bxa2 24. c3 Nc6 25. b3 Bb1 26. Rd6 Na5 27. b4 Nc4 28. Bxc4 bxc4 29. Nxa6 Kf8 30. h3 Ke7 31. Rb6 Be4 32. Kh2 Rd8 33. Nc5 Bg6 34. Kg3 Rd2 35. Rb7+ Ke8 36. Rb8+ Ke7 37. Rb7+ Kf6 38. Rb6+ Kg5 39. h4+ Kh5 40. b5 Rc2 41. Na4 Ra2 42. Ra6 Ra3 43. b6 Be4 44. f3 Bc6 45. Ra7 Bxa4 46. b7 Rb3 47. Rxa4 Rxb7 48. Rxc4 f5 49. Kh3 Kg6 50. Rc6+ Kf7 51. Rc5 Ke6 52. Rc6+ Kd5 53. Rc8 e4 54. Rd8+ Ke5 55. Re8+ Kf4 56. fxe4 fxe4 57. c4 Rc7 58. Rf8+ Ke3 59. Kg3 Ke2 60. Rf2+ Kd3 61. Rf4 e3 62. Kf3 Re7 63. Rf8 e2 64. Rd8+ Kxc4 0-1

[Event "Wch Blitz (Women)"]
[Site "Samarkand"]
[Date "2023.12.29"]
[Round "1"]
[White "Aktamova, Zilola"]
[Black "Batsiashvili, Nino"]
[Result "0-1"]
[WhiteElo "1749"]
[BlackElo "2451"]
[PlyCount "121"]
[EventDate "2023.12.29"]
[EventType "swiss (blitz)"]
[EventRounds "17"]
[EventCountry "UZB"]
[SourceTitle "CB01_2024"]
[SourceDate "2024.01.03"]
[SourceVersion "1"]
[SourceVersionDate "2024.01.03"]
[SourceQuality "1"]

1. e4 e5 2. Nf3 Nc6 3. Bc4 d6 4. h3 Be7 5. d3 Nf6 6. Nc3 0-0 7. Be3 Be6 8. Bb3 d5 9. exd5 Nxd5 10. Nxd5 Bxd5 11. Bxd5 Qxd5 12. 0-0 Rad8 13. Re1 f5 14. Qe2 Bd6 15. Bd2 Rde8 16. Bc3 b5 17. b3 Rf6 18. Rad1 b4 19. Bb2 h6 20. Nd2 Rfe6 21. Nc4 Nd4 22. Bxd4 Qxd4 23. Qe3 Qd5 24. Qd2 Bc5 25. Kf1 Qb7 26. f4 Bd4 27. fxe5 Bxe5 28. Nxe5 Rxe5 29. Rxe5 Rxe5 30. Qf4 Qb5 31. Qc4+ Qxc4 32. dxc4 Ra5 33. Ra1 Kf7 34. Ke2 Ke6 35. Kd3 Ke5 36. Re1+ Kf6 37. Ra1 g5 38. Kd4 Ke6 39. Re1+ Kd6 40. Ra1 c5+ 41. Kd3 Ke6 42. Re1+ Kf6 43. Ra1 Ra6 44. c3 Rd6+ 45. Kc2 a5 46. cxb4 axb4 47. a4 bxa3 48. Rxa3 Ke5 49. Ra8 Kd4 50. Re8 f4 51. Re1 Ra6 52. Kb2 h5 53. Re7 Rg6 54. Rd7+ Ke3 55. Rd5 Kf2 56. Rd2+ Kg3 57. Kc3 g4 58. hxg4 hxg4 59. b4 cxb4+ 60. Kxb4 f3 61. gxf3 0-1

[Event "Wch Rapid (Women)"]
[Site "Samarkand"]
[Date "2023.12.28"]
[Round "10"]
[White "Aktamova, Zilola"]
[Black "Borisova, Ekaterina"]
[Result "0-1"]
[WhiteElo "1749"]
[BlackElo "2168"]
[PlyCount "354"]
[EventDate "2023.12.26"]
[EventType "swiss (rapid)"]
[EventRounds "11"]
[EventCountry "UZB"]
[SourceTitle "CB01_2024"]
[SourceDate "2024.01.03"]
[SourceVersion "1"]
[SourceVersionDate "2024.01.03"]
[SourceQuality "1"]

1. e4 e5 2. Nf3 Nc6 3. Bc4 Nf6 4. d3 h6 5. Nc3 g5 6. h3 Bg7 7. Be3 d6 8. Nd5 Nxd5 9. Bxd5 Ne7 10. Bb3 Ng6 11. d4 Nf4 12. 0-0 Qe7 13. dxe5 dxe5 14. Qd2 Bd7 15. Rad1 Bb5 16. Rfe1 0-0 17. Qa5 a6 18. c4 b6 19. Qc3 Bc6 20. Qc2 Rad8 21. c5 Rxd1 22. Rxd1 Bb5 23. Bxf4 exf4 24. cxb6 cxb6 25. a4 Be8 26. Nd4 Qe5 27. Qe2 b5 28. axb5 Bxb5 29. Nxb5 axb5 30. Rd5 Qxb2 31. Qxb2 Bxb2 32. Rxb5 Bd4 33. Rd5 Bb6 34. Rd6 Bc5 35. Rd5 Be7 36. Rd7 Bf6 37. Kf1 Kg7 38. Ke2 Be5 39. Kd3 Kg6 40. Ke2 h5 41. Re7 Kf6 42. Rb7 Bd4 43. f3 Kg6 44. Rd7 Be3 45. Rb7 Kf6 46. Rd7 Rb8 47. Rd3 Bc5 48. Rc3 Bd4 49. Rd3 Be5 50. Kd2 Rb7 51. Ke2 Ra7 52. Rd1 Ra3 53. Rd3 Bb8 54. Kf2 Ba7+ 55. Ke2 Be3 56. Bc4 Ra4 57. Bb3 Rb4 58. Rd6+ Ke7 59. Rd3 f6 60. Kd1 Bd4 61. Kc2 Kd6 62. Kd1 Kc5 63. Ke2 Rb7 64. Bd5 Rb6 65. Rb3 Ra6 66. Rd3 Be3 67. Rc3+ Kd6 68. Rd3 Rb6 69. Rb3 Ra6 70. Rd3 Ra1 71. Rd1 Ra7 72. Rd3 Ke5 73. Bb3 Bd4 74. Rd1 Rb7 75. Rd3 Rb6 76. Kd2 Rb8 77. Ke2 Rc8 78. Kd2 Rc7 79. Ke2 Rb7 80. Kd2 Rb4 81. Ke2 Kd6 82. Kd2 Kc5 83. Ke2 Rb8 84. Kd2 Ra8 85. Ke2 Ra7 86. Rd1 Be3 87. Rd3 Kb4 88. Bd5 Rc7 89. Rb3+ Ka4 90. Kd3 Rc1 91. Rb2 Rd1+ 92. Ke2 Rg1 93. Kd3 Ka5 94. Bf7 h4 95. Be6 Rh1 96. Bf7 Rd1+ 97. Ke2 Rc1 98. Bd5 Rh1 99. Bf7 Rg1 100. Kd3 Rh1 101. Ke2 Bd4 102. Rd2 Bc3 103. Rc2 Kb4 104. Be6 Re1+ 105. Kf2 Re3 106. Bd5 Kc5 107. Rc1 Kd6 108. Kg1 Be1 109. Rd1 Ke7 110. Kf1 Bb4 111. Kg1 Bc5 112. Kh2 Re2 113. Bc4 Rc2 114. Bb3 Rb2 115. Bd5 Bf2 116. Bc4 Bg3+ 117. Kh1 Bf2 118. Bg8 Be3 119. Bc4 Bd2 120. Bf1 Kd6 121. Ra1 Kc5 122. Rd1 Kd4 123. Kh2 Kc3 124. Ra1 Kc2 125. Bc4 Rb4 126. Bf1 Bc1 127. Bd3+ Kd2 128. Bf1 Bb2 129. Ra6 Ke1 130. Bd3 Rd4 131. Rb6 Bc1 132. Ba6 Be3 133. Rb1+ Kd2 134. Rf1 Ra4 135. Bb5 Ra5 136. Bc4 Kc3 137. Bd5 f5 138. Rb1 Bf2 139. Rf1 Bg3+ 140. Kg1 Kd2 141. Bc6 Rc5 142. Bb7 Be1 143. exf5 Rxf5 144. Be4 Rc5 145. Bb7 Rc1 146. Ba6 Ke3 147. Kh1 Kd2 148. Kg1 Rc6 149. Bb5 Rb6 150. Bc4 Rd6 151. Bb5 Re6 152. Bc4 Re5 153. Ba6 Kc3 154. Kh1 Kd2 155. Kg1 Ra5 156. Bc4 Ra1 157. Bb5 Ke3 158. Kh1 Kd4 159. Be2 Ke5 160. Bc4 Kf6 161. Bd3 g4 162. hxg4 Kg5 163. Kh2 Rc1 164. Be2 Bg3+ 165. Kh1 Rc2 166. Bd3 Rd2 167. Bc4 h3 168. Rg1 Kh4 169. g5 Bf2 170. Rb1 Kg3 171. gxh3 Bd4 172. Rg1+ Bxg1 173. Kxg1 Rd1+ 174. Bf1 Kxf3 175. g6 Rd6 176. Bg2+ Kg3 177. Bf1 Rxg6 0-1

[Event "Wch Rapid (Women)"]
[Site "Samarkand"]
[Date "2023.12.27"]
[Round "7"]
[White "Ovezdurdiyeva, Jemal"]
[Black "Aktamova, Zilola"]
[Result "0-1"]
[WhiteElo "2057"]
[BlackElo "1749"]
[PlyCount "72"]
[EventDate "2023.12.26"]
[EventType "swiss (rapid)"]
[EventRounds "11"]
[EventCountry "UZB"]
[SourceTitle "CB01_2024"]
[SourceDate "2024.01.03"]
[SourceVersion "1"]
[SourceVersionDate "2024.01.03"]
[SourceQuality "1"]

1. d4 Nf6 2. c4 e6 3. Nc3 Bb4 4. e3 b6 5. Nge2 Bb7 6. a3 Bxc3+ 7. Nxc3 Ne4 8. d5 Nxc3 9. bxc3 0-0 10. Be2 Na6 11. 0-0 Nc5 12. Bf3 Rb8 13. e4 Ba6 14. Qe2 exd5 15. exd5 Qh4 16. Rd1 Bxc4 17. Qb2 Nd3 18. Qc2 Nxc1 19. Raxc1 Qe7 20. Rd4 b5 21. a4 Rfe8 22. h3 a6 23. Rcd1 Qa3 24. Rh4 h6 25. Rdd4 Re1+ 26. Kh2 Qc1 27. Qf5 Rh1+ 28. Kg3 Qg5+ 29. Qxg5 hxg5 30. Rhg4 Rc1 31. axb5 axb5 32. Rxg5 Rxc3 33. Rdg4 g6 34. h4 Rb6 35. Kf4 Bd3 36. Ke5 f6+ 0-1

[Event "Wch Rapid (Women)"]
[Site "Samarkand"]
[Date "2023.12.26"]
[Round "1"]
[White "Aktamova, Zilola"]
[Black "Padmini, Rout"]
[Result "0-1"]
[WhiteElo "1749"]
[BlackElo "2353"]
[PlyCount "106"]
[EventDate "2023.12.26"]
[EventType "swiss (rapid)"]
[EventRounds "11"]
[EventCountry "UZB"]
[SourceTitle "CB01_2024"]
[SourceDate "2024.01.03"]
[SourceVersion "1"]
[SourceVersionDate "2024.01.03"]
[SourceQuality "1"]

1. e4 c5 2. Nf3 e6 3. d4 cxd4 4. Nxd4 Nc6 5. Be3 a6 6. c4 Bb4+ 7. Nd2 Nf6 8. Bd3 Ne5 9. Qb3 Nfg4 10. Be2 Nxe3 11. Qxe3 Bc5 12. N2b3 Ba7 13. 0-0 d6 14. Rfd1 0-0 15. Qg3 Qf6 16. Rac1 Bd7 17. Rc2 Ba4 18. Nf3 Nxf3+ 19. Bxf3 e5 20. Rcd2 Rfd8 21. Be2 g6 22. Qf3 Qe7 23. Qc3 a5 24. Rd3 b5 25. cxb5 Bxb5 26. R3d2 Rdc8 27. Qf3 Bxe2 28. Qxe2 a4 29. Nc1 Bd4 30. b3 Rc3 31. bxa4 Rxa4 32. Nb3 Qa7 33. Nxd4 Rxd4 34. Rxd4 exd4 35. Qd2 Qc5 36. g3 d3 37. Qe3 Qc4 38. Kg2 h5 39. h3 Ra3 40. Rd2 Kh7 41. Qf3 Kg7 42. Qe3 Rc3 43. Qf3 Qd4 44. a4 Ra3 45. a5 Qc4 46. Qe3 Kf6 47. Qf3+ Ke6 48. Qe3 Kf6 49. Qf3+ Kg7 50. Qe3 Kg8 51. Qf3 Qc1 52. Rxd3 Ra1 53. Qe2 Qh1# 0-1